Bordering U.S. States Most Similar in Area - Statistics

General Stats
  • This quiz has been taken 45 times
  • The average score is 17 of 20
Answer Stats
Area Ratio State Pairs % Correct
1.0311 Arizona
94%
Kentucky
94%
Nevada
94%
Tennessee
94%
1.0429 Tennessee
94%
Louisiana
91%
Missouri
91%
1.0153 Arkansas
88%
Idaho
88%
Ohio
88%
1.0159 Utah
88%
1.0292 Illinois
85%
Iowa
85%
New Hampshire
85%
1.0028 Oklahoma
85%
1.0274 Pennsylvania
85%
1.0282 Vermont
82%
1.0150 Virginia
79%
1.0031 Nebraska
74%
South Dakota
74%
No matching quizzes found
Score Distribution
Percent of People with Each Score
Percentile by Number Answered
Your Score History
You have not taken this quiz